Statistics for Obce okresu Zlín

Click here to take the quiz!

General Stats

  • This quiz has been taken 37 times
  • The average score is 31 of 91

Answer Stats

Počet obyvatelNázev obce% Correct
17 592Otrokovice
83%
74 478Zlín
79%
7 127Napajedla
71%
4 847Vizovice
71%
5 077Luhačovice
67%
3 718Fryšták
63%
1 710Lukov
63%
423Lutonina
63%
2 959Slušovice
63%
1 851Želechovice nad Dřevnicí
63%
664Dolní Lhota
58%
587Horní Lhota
58%
854Lípa
58%
1 353Březnice
54%
971Jasenná
54%
1 204Žlutava
54%
764Bohuslavice u Zlína
50%
1 296Hvozdná
50%
6 316Slavičín
50%
2 458Tlumačov
50%
312Ublo
50%
854Veselá
50%
1 132Všemina
50%
518Březová
46%
707Březůvky
46%
5 545Brumov-Bylnice
46%
465Hrobice
46%
950Kašava
46%
1 385Tečovice
46%
1 173Trnava
46%
1 515Zádveřice-Raková
46%
775Bratřejov
42%
330Podkopná Lhota
42%
780Provodov
42%
1 694Spytihněv
42%
4 918Valašské Klobouky
42%
752Velký Ořechov
42%
317Bělov
38%
898Lhota
38%
385Oldřichovice
38%
890Pohořelice
38%
869Racková
38%
777Sazovice
38%
357Držková
33%
450Loučka
33%
660Mysločovice
33%
458Neubuz
33%
1 244Pozlovice
33%
1 182Újezd
33%
1 466Vlachovice
33%
588Doubravy
29%
1 993Halenkovice
29%
239Karlovice
29%
269Lhotsko
29%
414Ostrata
29%
697Biskupice
25%
211Dešná
25%
542Hřivínův Újezd
25%
312Komárov
25%
473Lukoveček
25%
1 372Nedašov
25%
194Podhradí
25%
252Šarovy
25%
276Kaňovice
21%
716Ludkovice
21%
574Slopné
21%
2 186Štítná nad Vláří-Popov
21%
372Bohuslavice nad Vláří
17%
245Dobrkovice
17%
152Kelníky
17%
363Lipová
17%
693Nedašova Lhota
17%
683Sehradice
17%
306Valašské Příkazy
17%
220Vlachova Lhota
17%
408Vlčková
17%
661Machová
13%
260Rudimov
13%
501Študlov
13%
855Vysoké Pole
13%
435Drnovice
8%
548Hostišová
8%
717Návojná
8%
342Petrůvka
8%
591Rokytnice
8%
86Haluzice
4%
185Křekov
4%
761Poteč
4%
478Šanov
4%
308Tichov
4%
276Jestřabice
0%

Score Distribution

Percentile by Number Answered

Percent of People with Each Score

Your Score History

You have not taken this quiz